000 00487 a2200193 4500
005 20260417120501.0
008 260416b |||||||| |||| 00| 0 eng d
020 _a9789395401302
_cRs. 1450.00
040 _aMAIN
082 _a070.1068
_bB469
100 _aBhargava, Vinay
245 _aMedia management
260 _bRajat Publications
_c2024
_aNew Delhi
300 _axiv, 252
650 _aJournalism
650 _aMass Media
650 _aManagement of Media
942 _cBK
999 _c397266
_d397266